Statistics for Countries Closest to the Red Sea

Click here to take the quiz!

General Stats

  • This quiz has been taken 1,996 times
  • The average score is 18 of 20

Answer Stats

kmcountrymiles% Correct
0Egypt0
99%
0Saudi Arabia0
98%
0Israel0
98%
0Yemen0
97%
0Jordan0
96%
0Sudan0
95%
108Somalia67
94%
344Syria214
93%
57Ethiopia36
93%
0Eritrea0
92%
393Lebanon244
92%
499Iraq310
91%
706Turkey439
90%
770South Sudan478
88%
0Djibouti0
88%
713Libya443
87%
514Cyprus319
85%
952Kenya591
79%
787Greece489
75%
199Palestine124
63%

Score Distribution

Percentile by Number Answered

Percent of People with Each Score

Your Score History

You have not taken this quiz